000 00438nam a2200181Ia 4500
008 221030s9999 xx 000 0 und d
020 _a0070473781
041 _aEnglish
082 _a105.23
_bWei
100 _aH. Weihrich
245 0 _aManagement-A Global Perspective
_cby H. Weihrich, H. Koontz
250 _a10th
260 _bTMH
_aNew Delhi
_c2003
300 _a744
650 _aManagement
700 _aH. Koontz
942 _cBK
999 _c1846
_d1846